000 00544nam a2200181Ia 4500
008 100921s9999 xx 000 0 und d
082 _b2257
_a380 थ 0
100 _a---
245 _aOrganisation Of Commerce.
260 _bश्रीगजानन पुस्तकालय,सुरत.
_c0
300 _a72
_b---
365 _b1.5
520 _aस.शा.-व्यापार.
630 _aOrganisation Of Commerce.
650 _aस.शा.-व्यापार.
730 _aOrganisation Of Commerce.
942 _cBOOK
999 _c751370
_d751367